00402nam a22001217a 450000500170000000800410001702000180005805000170007610000180009324500430011126000840015430000420023820260422143313.0260422b |||||||| |||| 00| 0 eng d a9781919855790 aP95.82b.A35 aKruger, Franz aRadio Journalism ToolkitcFranz Kruger aJohannesburgbInstitute for the Advancement of JournalismbSTE Publishersc2006 avarious pagingbill. some colorc23cm